01492nam a2200265Ia 4500001000600000003000900006008004100015040001300056040001300069041001300082100001900095100002900114240008400143240003500227245007900262245007900341250001100420260001200431260001500443260004900458300005500507500060900562650002401171650003101195H9824IT-RoPAU130308s9999 xx 000 0 und d aIT-RoPAU cIT-RoPAU aITALIANO aAngier Roswell gCodice Aut. SPICS: 59964 aTRAIN YOUR GAZE. a PRACTICAL AND THEORICAL introduction to portrait PHOTOGRAPHY gCodice Tit. Orig. Spics: T3857 aEducare lo sguardo. introduzione pratica e teorica al ritratto fotografico bEducare Lo Sguardo. Introduzione Pratica e Teorica al ritratto Fotografico a1a ed. aBOLOGNA bZanichelli c2008 [1° Ed.:2008 - Ed.Ling.Originale:2007] a"223 p. (prefazione: 7; testo: 216 [pagine: 0-0])" a"Sullo Sguardo. Autoritratto/Senza Volto. Persone Ai Margini, Lato Estremo della Cornice. scelta dell'Istante, Rappresentare Evento. Sguardi Nascosti,Voyeurismo e Sorveglianza. Ritratto, Specchio, messa in Scena. a Confronto, guardare Attraverso Mirino. fuori Fuoco, Soggetto che Scompare. Oscurità€. Flash!. figure nel Paesaggio, Tableaux. Postilla, Digital Personae. Appendici: Fotocamere e Impostazioni, Alcune Differenze nel Processo di Creazione di immagini Digitali e Analogiche; Esposizione e Misurazione, Scala dei Grigi, Pellicole a Colori e file Digitali; Uso del Flash. Bibliografia Critica." aTECNICA FOTOGRAFICA eCodice materia Spics: 6752